Etudes critiques sur le rationalisme contemporain / (Record no. 166973)

MARC details
000 -LEADER
campo de control de longitud fija 00609nam a22001815i 4500
001 - NÚMERO DE CONTROL
campo de control 166973
003 - IDENTIFICADOR DE NÚMERO DE CONTROL
campo de control ES-MaACL
005 - FECHA Y HORA DE LA ÚLTIMA TRANSACCIÓN
campo de control 20250804062757.0
008 - DATOS DE LONGITUD FIJA--INFORMACIÓN GENERAL
campo de control de longitud fija 050920s1846 fr | |||||||| ||fre d
040 ## - FUENTE DE CATALOGACIÓN
Centro catalogador/agencia de origen CAM
Lengua de catalogación spa
Centro/agencia transcriptor CAM
100 1# - ENTRADA PRINCIPAL--NOMBRE DE PERSONA
Nombre de persona Valroger, Hyacinthe.
9 (RLIN) 133536
245 10 - MENCIÓN DEL TÍTULO
Título Etudes critiques sur le rationalisme contemporain /
Mención de responsabilidad, etc. par H. de Valroger.
260 ## - PUBLICACIÓN, DISTRIBUCIÓN, ETC.
Lugar de publicación, distribución, etc. Paris :
Nombre del editor, distribuidor, etc. J. Lecoffre libraire-éditeur,
Fecha de publicación, distribución, etc. 1846 (
Lugar de fabricación/manufactura Bayeux :
Fabricante Impr. Léon Nicolle)
300 ## - DESCRIPCIÓN FÍSICA
Extensión LXXIII, 612 p. ;
Dimensiones 21 cm.
650 #7 - PUNTO DE ACCESO ADICIONAL DE MATERIA--TÉRMINO DE MATERIA
Término de materia o nombre geográfico como elemento de entrada Filosofía
Fuente del encabezamiento o término embne
9 (RLIN) 12802
852 ## - LOCALIZACIÓN
Ubicación ES-MaACL
Número de control de estantería G-12133
Nota libre -- Enc. hol.
Holdings
Estatus retirado Estado de pérdida Estado de daño No para préstamo Colección Biblioteca de origen Biblioteca actual Ubicación en estantería Fecha de adquisición Fuente de adquisición Total de préstamos Signatura topográfica completa Código de barras Visto por última vez Precio de reemplazo Tipo de ítem Koha
        Libros del s. XIX Biblioteca del Ateneo de Madrid Biblioteca del Ateneo de Madrid Sala Pecera Planta 3 17/01/2008     G-12133 1175151 23/02/2023 23/02/2023 Libro impreso antiguo